01696nam a2200325 a 450000100100000000500170001000800410002702000180006804000250008608200260011110000440013724500490018125000120023026000350024230000350027750000600031259000260037258600350039860000590043365000400049265000450053265100730057791000410065095201300069195201390082195201390096095201240109995201300122399900170135300001084020250630100924.0091012s2009 dr a 000 f spa d a9789993456469 aDO-SdBNPbspacBNPHU aRD863.44bT866s, 20091 aTrujillo Ricart , Aída,d1952-91211210aA la sombra de mi abuelo /cAída Trujillo. a2a. ed. aSanto Domingo :bNorma,c2009. a339 p. :bil., retrs. ;c23 p. aIncluye datos biográficos de la autora en las solapas aInventariado, 2020/VM aPremio nacional de novela 200810aTrujillo Molina, Rafael Leónidas,d 1891-1961976764 0aNovela histórica dominicana.9860 0aLiteratura histórica dominicana924340 0aRepública DominicanaxHistoria yEra de Trujillo, 1930-1961978796 aValidado. Control de calidad MMOLINA 0010718DSaGRbGRcCTd2011-04-11iLF1l0oRD863.44 T866s, 2009p10840-50r2020-06-25te. 5w2020-06-25yLFDSZNo se presta 001052708DSaGRbGRcCTd2009-10-12iLF1l0oRD863.44 T866s, 2009p10840-30r2020-06-25te. 3w2020-06-25yLFDSZPréstamo interno 001052708DSaGRbGRcCTd2009-12-07iLF1l0oRD863.44 T866s, 2009p10840-40r2020-06-25te. 4w2020-06-25yLFDSZPréstamo interno 0010718PDaPDbPDcCTd2009-10-12iLF1l0oRD863.44 T866s, 2009p10840-10r2020-06-25w2020-06-25yLFPDZNo se presta 0010718PDaPDbPDcCTd2009-10-12iLF1l0oRD863.44 T866s, 2009p10840-20r2020-06-25te. 2w2020-06-25yLFPDZNo se presta c10589d10589